Ace ahead teks STPM Makroekonomi penggal

Bibliographic Details
Main Author: Sabariah Ali
Format: Book
Language:Malay
Published: Shah Alam : Oxford fajar , 2014
Subjects:

MARC

LEADER 00000cam a2200000 7i4500
001 0000026603
005 20151111.0
008 06112015 my # may
020 |a 9789834710603 ,   |c RM23.00 
040 |a INS 
090 0 0 |a HB180.M2   |b S23 2014 
100 1 |a Sabariah Ali 
245 1 0 |a Ace ahead teks STPM Makroekonomi penggal   |c Sabariah Ali 
260 |a Shah Alam :   |b Oxford fajar ,   |c 2014 
300 |a vi,217p. :   |b ill. ;   |c 25cm. 
500 |a Includes index 
650 0 |a Macroeconomics 
999 |a 1000002516   |b BOOK   |c Open Shelf   |e Default branch